000 00533nam a22001577a 4500
003 NUST
082 _a200
100 _aAli, Mirza Shujaat
_9112146
245 _aPrinted Ridge Gap Waveguide Antenna for Frequency Scanning Application/
_cMirza Shujaat Ali
264 _aIslamabad :
_bSEECS, NUST,
_c2023.
300 _a66 p. ;
_c30 cm.
650 _aMS- Electrical Engineering
_923567
700 _aSupervisor: Dr. Muhammad Mustafa Tahseen
_9106932
856 _uhttp://10.250.8.41:8080/xmlui/handle/123456789/32615
942 _2ddc
_cSC
999 _c594669
_d594669